| 000 | 01304cam a2200433 4500 | ||
|---|---|---|---|
| 001 | 4322715 | ||
| 003 | DO-SdBPM | ||
| 005 | 20250725094832.0 | ||
| 007 | ta | ||
| 008 | 080819s2021 sp 000 f spa | ||
| 015 | _a | ||
| 017 |
_a _b |
||
| 020 | _a9788466352345 | ||
| 035 | _a | ||
| 040 |
_aDO-SdBPM _bspa _cBPMSU _erda |
||
| 041 | 1 |
_aspa _h |
|
| 080 | _a | ||
| 082 | 4 |
_a823.91 _bM158s 2021 _222 |
|
| 100 | 1 |
_aMackintosh, Clare _d1976- _eautora |
|
| 245 | 1 | 0 |
_aSi te miento / _cClare Mackintosh ; traducción Ana Alcaina y Verónica Canales _b _h |
| 264 |
_aBarcelona : _bPeguin Random House Grupo Editorial, _c2021 |
||
| 300 |
_a453 páginas ; _c22 cm |
||
| 336 |
_atexto _btxt _2rdacontent |
||
| 337 |
_asin mediación _bn _2rdamediación |
||
| 338 |
_avolumen _bnc _2rdacarrier |
||
| 490 | 0 |
_aBestseller _v |
|
| 500 | _aBest-Seller | ||
| 500 | _aA la cabeza de la portada: Biblioteca Clare Mackintosh | ||
| 534 |
_pTítulo original : _tLet me Lie |
||
| 590 | _aInventariado, 2025/VM | ||
| 650 | 7 | _aNovela inglesa | |
| 650 | 7 |
_a Literatura inglesa _v |
|
| 650 | 4 |
_aHonor _vNovela. |
|
| 700 | 1 |
_aAlcaina, Ana _etraductora |
|
| 700 | 1 |
_aCanales, Verónica _etraductora |
|
| 740 | 0 | 2 | _aGaspar Ruiz |
| 910 | _aVMateo V. Control de calidad. BPMSU | ||
| 942 |
_2ddc _cBK |
||
| 999 |
_c15268 _d15268 |
||